[Event "RA-2014-0-00352"]
[Site "LSS email"]
[Date "2014.10.02"]
[Round "?"]
[White "Cimicki, Dariusz"]
[Black "Rodrigues, Antonio F"]
[Result "1/2-1/2"]
[WhiteElo "2126"]
[BlackElo "1938"]
[PlyCount "61"]
[EventDate "2014.09.15"]
[EventType "tourn (corr)"]
[EventRounds "6"]
[EventCountry "GER"]
[SourceTitle "Corr 2015"]
[Source "ChessBase"]
[SourceDate "2015.07.17"]
[SourceVersion "1"]
[SourceVersionDate "2015.07.17"]
[SourceQuality "1"]

1. e4 c6 2. d4 d5 3. e5 Bf5 4. Nf3 e6 5. Be2 c5 6. Be3 Nd7 7. Nbd2 Ne7 8. c4 Be4 9. dxc5 Nc6 10. Rc1 Be7 11. 0-0 0-0 12. a3 Ndxe5 13. b4 Bxf3 14. Nxf3 Nxc4 15. Bxc4 dxc4 16. Qa4 a6 17. Rcd1 Qc7 18. Qc2 Rad8 19. Qxc4 Rxd1 20. Rxd1 Rd8 21. Rd3 Rxd3 22. Qxd3 Qd8 23. Qb3 Kf8 24. h3 Bf6 25. a4 Qd5 26. Qb1 Ne5 27. Nxe5 Bxe5 28. b5 axb5 29. axb5 h5 30. Qc2 h4 31. Qd2 1/2-1/2

[Event "RA-2014-0-00352"]
[Site "LSS email"]
[Date "2014.10.02"]
[Round "?"]
[White "De Waele, Willy"]
[Black "Rodrigues, Antonio F"]
[Result "0-1"]
[WhiteElo "2067"]
[BlackElo "1938"]
[PlyCount "42"]
[EventDate "2014.09.15"]
[EventType "tourn (corr)"]
[EventRounds "6"]
[EventCountry "GER"]
[SourceTitle "Corr 2015"]
[Source "ChessBase"]
[SourceDate "2015.07.17"]
[SourceVersion "1"]
[SourceVersionDate "2015.07.17"]
[SourceQuality "1"]

1. e4 c6 2. d4 d5 3. e5 Bf5 4. Nf3 e6 5. Be2 c5 6. c3 Nc6 7. 0-0 cxd4 8. cxd4 Nge7 9. Be3 Bg4 10. Nbd2 Nf5 11. h3 Bh5 12. Bg5 Be7 13. Bxe7 Nfxe7 14. Qb3 0-0 15. Rac1 Nf5 16. Qxb7 Bxf3 17. Nxf3 Ncxd4 18. Nxd4 Nxd4 19. Bg4 a5 20. Qc7 Qxc7 21. Rfd1 Qxe5 0-1

[Event "WC-2017-P-00017"]
[Site "LSS email"]
[Date "2013.02.27"]
[Round "?"]
[White "Abbey, William"]
[Black "Rodrigues, Antonio F"]
[Result "1-0"]
[WhiteElo "2031"]
[BlackElo "1938"]
[PlyCount "55"]
[EventDate "2013.03.03"]
[EventType "tourn (corr)"]
[EventRounds "12"]
[EventCountry "GER"]
[SourceTitle "Corr 2015"]
[Source "ChessBase"]
[SourceDate "2015.07.17"]
[SourceVersion "1"]
[SourceVersionDate "2015.07.17"]
[SourceQuality "1"]

1. d4 Nf6 2. c4 e6 3. Nc3 Bb4 4. e3 c5 5. Nf3 0-0 6. Bd3 d5 7. 0-0 Nc6 8. a3 Ba5 9. h3 b6 10. cxd5 exd5 11. b4 cxb4 12. Na2 bxa3 13. Bxa3 Re8 14. Rc1 Bb7 15. Bb5 Rc8 16. Qa4 a6 17. Bxc6 b5 18. Bxb5 axb5 19. Qxb5 Rb8 20. Bd6 Qxd6 21. Qxa5 Ne4 22. Rc2 Ra8 23. Qc7 Ba6 24. Qxd6 Nxd6 25. Rfc1 Bc4 26. Nc3 f6 27. Rb2 Reb8 28. Rxb8+ 1-0

[Event "RB-2012-0-00202"]
[Site "LSS email"]
[Date "2013.01.15"]
[Round "?"]
[White "Vodicka, Milan"]
[Black "Rodrigues, Antonio F"]
[Result "1/2-1/2"]
[WhiteElo "1950"]
[BlackElo "1935"]
[PlyCount "34"]
[EventDate "2012.12.14"]
[EventType "tourn (corr)"]
[EventRounds "6"]
[EventCountry "GER"]
[SourceTitle "Corr 2015"]
[Source "ChessBase"]
[SourceDate "2015.07.17"]
[SourceVersion "1"]
[SourceVersionDate "2015.07.17"]
[SourceQuality "1"]

1. d4 Nf6 2. c4 e6 3. Nf3 b6 4. a3 c5 5. d5 Ba6 6. Qc2 exd5 7. cxd5 g6 8. Nc3 Bg7 9. g3 0-0 10. Bg2 d6 11. 0-0 Re8 12. Re1 Nbd7 13. h3 c4 14. Nd4 Nc5 15. a4 Bb7 16. a5 Qd7 17. Rd1 Ba6 1/2-1/2

[Event "RB-2012-0-00202"]
[Site "LSS email"]
[Date "2013.01.14"]
[Round "?"]
[White "Husemann, Andreas"]
[Black "Rodrigues, Antonio F"]
[Result "1/2-1/2"]
[WhiteElo "2067"]
[BlackElo "1935"]
[PlyCount "46"]
[EventDate "2012.12.14"]
[EventType "tourn (corr)"]
[EventRounds "6"]
[EventCountry "GER"]
[SourceTitle "Telechess CBM 159"]
[Source "ChessBase"]
[SourceDate "2014.03.17"]
[SourceVersion "1"]
[SourceVersionDate "2014.03.17"]
[SourceQuality "1"]

1. d4 Nf6 2. c4 e6 3. Nc3 Bb4 4. Qc2 0-0 5. a3 Bxc3+ 6. Qxc3 b6 7. Bg5 Ba6 8. Qf3 Nc6 9. e3 Na5 10. Rc1 c5 11. e4 h6 12. h4 Bb7 13. Bxf6 Qxf6 14. Qxf6 gxf6 15. d5 Rfe8 16. Kd1 Rac8 17. Rh3 b5 18. dxe6 Rxe6 19. cxb5 Rxe4 20. Nf3 c4 21. Nd2 Rd4 22. Ke1 d5 23. Be2 Kg7 1/2-1/2

[Event "RB-2012-0-00193"]
[Site "LSS email"]
[Date "2012.11.08"]
[Round "?"]
[White "Bartsch, Christian"]
[Black "Rodrigues, Antonio F"]
[Result "1/2-1/2"]
[WhiteElo "1873"]
[BlackElo "1935"]
[PlyCount "53"]
[EventDate "2012.08.27"]
[EventType "tourn (corr)"]
[EventRounds "6"]
[EventCountry "GER"]
[SourceTitle "Telechess CBM 159"]
[Source "ChessBase"]
[SourceDate "2014.03.17"]
[SourceVersion "1"]
[SourceVersionDate "2014.03.17"]
[SourceQuality "1"]

1. e4 c6 2. d4 d5 3. exd5 cxd5 4. Bd3 Nc6 5. c3 Qc7 6. Ne2 Bg4 7. f3 Bh5 8. Bf4 Qd7 9. Na3 e6 10. Nc2 Bg6 11. Ne3 Nf6 12. Bg3 Bd6 13. Bxd6 Qxd6 14. 0-0 0-0 15. Bxg6 hxg6 16. Nc1 e5 17. dxe5 Nxe5 18. Nb3 Qb6 19. Qd4 Rfe8 20. Qxb6 axb6 21. Nd4 Nd3 22. Nd1 Re7 23. b3 Rc8 24. Nb5 Re2 25. Nf2 Nf4 26. g3 Ne6 27. Rfe1 1/2-1/2

[Event "RB-2012-0-00193"]
[Site "LSS email"]
[Date "2012.11.08"]
[Round "?"]
[White "Hernandez Amura, Gilberto"]
[Black "Rodrigues, Antonio F"]
[Result "0-1"]
[WhiteElo "1895"]
[BlackElo "1935"]
[PlyCount "26"]
[EventDate "2012.08.27"]
[EventType "tourn (corr)"]
[EventRounds "6"]
[EventCountry "GER"]
[SourceTitle "Corr 2015"]
[Source "ChessBase"]
[SourceDate "2015.07.17"]
[SourceVersion "1"]
[SourceVersionDate "2015.07.17"]
[SourceQuality "1"]

1. e4 c6 2. d4 d5 3. exd5 cxd5 4. Bd3 Nc6 5. c3 Qc7 6. Nf3 Bg4 7. 0-0 e6 8. Nbd2 Bd6 9. h3 Bh5 10. Re1 Nf6 11. Qa4 0-0 12. b4 a6 13. Qb3 Bf4 0-1

[Event "RB-2012-0-00193"]
[Site "LSS email"]
[Date "2012.11.08"]
[Round "?"]
[White "Rodrigues, Antonio F"]
[Black "Blittkowsky, Ralf"]
[Result "1/2-1/2"]
[WhiteElo "1935"]
[BlackElo "1856"]
[PlyCount "119"]
[EventDate "2012.08.27"]
[EventType "tourn (corr)"]
[EventRounds "6"]
[EventCountry "GER"]
[SourceTitle "Telechess CBM 159"]
[Source "ChessBase"]
[SourceDate "2014.03.17"]
[SourceVersion "1"]
[SourceVersionDate "2014.03.17"]
[SourceQuality "1"]

1. d4 g6 2. c4 f5 3. g3 Bg7 4. Nf3 Nf6 5. Bg2 0-0 6. 0-0 c6 7. b3 Ne4 8. Bb2 d5 9. Nc3 Be6 10. Nxe4 fxe4 11. Ng5 Bf5 12. f3 exf3 13. Nxf3 dxc4 14. bxc4 Nd7 15. e3 Qa5 16. Qb3 Qb6 17. Qa3 a5 18. Bc3 e5 19. c5 Qb5 20. Rf2 Be6 21. Re1 Rae8 22. Rb2 Qd3 23. Rd2 Qf5 24. e4 Qh5 25. d5 cxd5 26. exd5 Bg4 27. c6 Bxf3 28. cxd7 Rd8 29. Bxa5 Rxd7 30. Bb4 Bxg2 31. Kxg2 Rff7 32. d6 Qg4 33. Qb3 Kh8 34. h3 Qf5 35. Bc5 Qg5 36. Ree2 h5 37. Rf2 Kh7 38. Rde2 Rxf2+ 39. Rxf2 Qd8 40. Bb4 Qa8 41. Rd2 h4 42. gxh4 Bh6 43. Rd3 Bf4 44. Qd5 Qa4 45. Qc4 b5 46. Qb3 Qa8+ 47. Qd5 Qa4 48. Be1 Qc2+ 49. Bf2 b4 50. a3 e4 51. Qxe4 bxa3 52. h5 Rg7 53. d7 Bc7 54. hxg6+ Rxg6+ 55. Kf3 Bd8 56. h4 Qc1 57. Qf5 Qc6+ 58. Rd5 Qf6 59. Qxf6 Rxf6+ 60. Ke2 1/2-1/2

[Event "RB-2012-0-00193"]
[Site "LSS email"]
[Date "2012.11.08"]
[Round "?"]
[White "Rodrigues, Antonio F"]
[Black "Galvin, John H"]
[Result "1-0"]
[WhiteElo "1935"]
[BlackElo "1893"]
[PlyCount "73"]
[EventDate "2012.08.27"]
[EventType "tourn (corr)"]
[EventRounds "6"]
[EventCountry "GER"]
[SourceTitle "Telechess CBM 159"]
[Source "ChessBase"]
[SourceDate "2014.03.17"]
[SourceVersion "1"]
[SourceVersionDate "2014.03.17"]
[SourceQuality "1"]

1. d4 Nf6 2. c4 g6 3. Nc3 d5 4. cxd5 Nxd5 5. e4 Nxc3 6. bxc3 Bg7 7. Bc4 c5 8. Ne2 Nc6 9. Be3 0-0 10. 0-0 Qc7 11. Rc1 Na5 12. Bd3 b6 13. Qd2 Rd8 14. d5 e6 15. c4 Ba6 16. Rfd1 Re8 17. Nf4 Be5 18. h4 Rad8 19. h5 g5 20. Ne2 h6 21. f4 exd5 22. exd5 gxf4 23. Nxf4 Qe7 24. Rf1 Bc8 25. Rf3 Qh4 26. Bf2 Qg5 27. Rg3 Bg4 28. Be3 Rd7 29. Rf1 Qh4 30. Qf2 f6 31. Re1 Rde7 32. d6 Rg7 33. Bf5 Nc6 34. d7 Rd8 35. Be6+ Kh7 36. Qc2+ f5 37. Bf2 1-0

[Event "CP-2012-P-00033"]
[Site "LSS email"]
[Date "2012.10.01"]
[Round "?"]
[White "Rodrigues, Antonio F"]
[Black "Pedro, Fernando"]
[Result "0-1"]
[WhiteElo "1829"]
[BlackElo "2109"]
[PlyCount "102"]
[EventDate "2012.10.05"]
[EventType "tourn (corr)"]
[EventRounds "6"]
[EventCountry "GER"]
[SourceTitle "Telechess CBM 161"]
[Source "ChessBase"]
[SourceDate "2014.07.16"]
[SourceVersion "1"]
[SourceVersionDate "2014.07.16"]
[SourceQuality "1"]

1. d4 Nf6 2. c4 g6 3. Nc3 Bg7 4. e4 d6 5. Nf3 0-0 6. Be2 e5 7. 0-0 Na6 8. Re1 c6 9. Be3 Ng4 10. Bg5 f6 11. Bh4 Nh6 12. d5 Nf7 13. a3 Bd7 14. b4 cxd5 15. Qxd5 Nc7 16. Qd2 Ne6 17. Rad1 Nf4 18. Bg3 Nxe2+ 19. Qxe2 a5 20. b5 Be6 21. h4 Rc8 22. Nd5 h5 23. Qc2 Bh6 24. Rd3 Bxd5 25. Rxd5 Qc7 26. Nd2 Bxd2 27. Qxd2 Qxc4 28. Qxa5 f5 29. Rdd1 f4 30. Bh2 Qc5 31. Rd3 Ra8 32. Qc3 Qxb5 33. Qb3 Qxb3 34. Rxb3 g5 35. g3 Ra4 36. gxf4 gxf4 37. f3 Rfa8 38. Ra1 Nd8 39. Kf1 Nc6 40. Rd3 Na5 41. Rxd6 Nc4 42. Rg6+ Kf7 43. Rg5 b5 44. Bg1 Rxa3 45. Rxa3 Rxa3 46. Bc5 Nd2+ 47. Ke2 Ra2 48. Rf5+ Ke6 49. Kd1 Nxf3 50. Rxh5 Rd2+ 51. Kc1 Re2 0-1

[Event "WC-2016-P-00012"]
[Site "LSS email"]
[Date "2012.02.12"]
[Round "?"]
[White "Lehnberger, Karl"]
[Black "Rodrigues, Antonio F"]
[Result "1-0"]
[WhiteElo "2142"]
[BlackElo "1829"]
[PlyCount "47"]
[EventDate "2012.02.15"]
[EventType "tourn (corr)"]
[EventRounds "12"]
[EventCountry "GER"]
[SourceTitle "Telechess CBM 161"]
[Source "ChessBase"]
[SourceDate "2014.07.16"]
[SourceVersion "1"]
[SourceVersionDate "2014.07.16"]
[SourceQuality "1"]

1. e4 c6 2. d4 d5 3. e5 Bf5 4. h4 h5 5. c4 e6 6. Nc3 Be7 7. Nf3 Bg4 8. Bg5 Bxg5 9. hxg5 Ne7 10. Qd2 Bxf3 11. gxf3 Nd7 12. cxd5 cxd5 13. Nb5 Nf5 14. Rc1 0-0 15. Bd3 a6 16. Bxf5 axb5 17. Bb1 g6 18. Rxh5 gxh5 19. Qc2 f5 20. exf6 Rxf6 21. Qh7+ Kf8 22. g6 Rxg6 23. Bxg6 Qf6 24. Rc7 1-0

[Event "WC-2016-P-00012"]
[Site "LSS email"]
[Date "2012.02.12"]
[Round "?"]
[White "Pedro, Fernando"]
[Black "Rodrigues, Antonio F"]
[Result "1-0"]
[WhiteElo "2109"]
[BlackElo "1829"]
[PlyCount "93"]
[EventDate "2012.02.15"]
[EventType "tourn (corr)"]
[EventRounds "12"]
[EventCountry "GER"]
[SourceTitle "Telechess CBM 161"]
[Source "ChessBase"]
[SourceDate "2014.07.16"]
[SourceVersion "1"]
[SourceVersionDate "2014.07.16"]
[SourceQuality "1"]

1. e4 c6 2. d4 d5 3. e5 Bf5 4. Nc3 e6 5. g4 Bg6 6. Nge2 c5 7. h4 h5 8. Nf4 Bh7 9. Nxh5 Nc6 10. dxc5 Bxc5 11. Bg2 Kf8 12. Bf4 Na5 13. Qe2 Qb6 14. Rh3 Rc8 15. Nd1 Ne7 16. c3 Ng6 17. Bg5 Nc4 18. f4 a5 19. b3 Na3 20. Nxg7 Kxg7 21. f5 exf5 22. gxf5 Rce8 23. fxg6 Bxg6 24. Kf1 Be7 25. Bxe7 Rxe7 26. h5 Be4 27. Nf2 Rxe5 28. Qg4+ Kf8 29. Bxe4 dxe4 30. Re1 Qh6 31. Qc8+ Kg7 32. Rg3+ Kh7 33. Qxb7 Qf6 34. h6 Rg8 35. Rxg8 Kxg8 36. Rxe4 Rf5 37. Rg4+ Kh7 38. Qe4 Nb5 39. Rf4 Nd6 40. Rxf5 Nxe4 41. Rxf6 Nxf6 42. Ke2 Kxh6 43. Kd3 Kg6 44. a4 Kf5 45. Kd4 Ke6 46. Ne4 Ng4 47. Nc5+ 1-0

[Event "WC-2016-P-00012"]
[Site "LSS email"]
[Date "2012.02.12"]
[Round "?"]
[White "Rodrigues, Antonio F"]
[Black "Edwards, KEDG"]
[Result "0-1"]
[WhiteElo "1829"]
[BlackElo "2013"]
[PlyCount "126"]
[EventDate "2012.02.15"]
[EventType "tourn (corr)"]
[EventRounds "12"]
[EventCountry "GER"]
[SourceTitle "Telechess CBM 161"]
[Source "ChessBase"]
[SourceDate "2014.07.16"]
[SourceVersion "1"]
[SourceVersionDate "2014.07.16"]
[SourceQuality "1"]

1. d4 Nf6 2. c4 g6 3. Nc3 d5 4. cxd5 Nxd5 5. e4 Nxc3 6. bxc3 Bg7 7. Nf3 c5 8. Rb1 0-0 9. Be2 b6 10. 0-0 Bb7 11. Qd3 e6 12. Bg5 Qc7 13. Qe3 Nd7 14. Bd3 Rfe8 15. h4 Nf6 16. dxc5 Nd7 17. Bb5 Rec8 18. cxb6 axb6 19. a4 Nc5 20. Rb4 f6 21. Bf4 e5 22. Bg3 Ba6 23. Rd1 Bxb5 24. axb5 Ra2 25. Rbb1 Na4 26. Kh2 Bf8 27. Rbc1 Qc4 28. Ne1 Nc5 29. Rc2 Rxc2 30. Nxc2 Qxe4 31. Qd2 Qc4 32. Ne3 Qxb5 33. h5 Qc6 34. Nd5 Kf7 35. c4 Nd7 36. Nc3 Ke8 37. Qd3 Nc5 38. Qb1 Kf7 39. Nd5 Nd7 40. f4 exf4 41. Bxf4 Qe6 42. Bg3 Qg4 43. Nf4 Nc5 44. Rf1 Re8 45. Qd1 Qxd1 46. Rxd1 Re4 47. Ra1 Bd6 48. Ra7+ Re7 49. hxg6+ hxg6 50. Rxe7+ Bxe7 51. Nd5 Bd8 52. Nb4 Ne4 53. Nc6 Nxg3 54. Kxg3 Be7 55. Kf4 Ke6 56. Nd4+ Kd6 57. Nb3 f5 58. g3 Bd8 59. g4 fxg4 60. Kxg4 Ke5 61. Kf3 Be7 62. Ke3 Bc5+ 63. Kf3 Bb4 0-1

[Event "WC-2016-P-00012"]
[Site "LSS email"]
[Date "2012.02.12"]
[Round "?"]
[White "Sanner, Zdzislaw"]
[Black "Rodrigues, Antonio F"]
[Result "1-0"]
[WhiteElo "2199"]
[BlackElo "1829"]
[PlyCount "93"]
[EventDate "2012.02.15"]
[EventType "tourn (corr)"]
[EventRounds "12"]
[EventCountry "GER"]
[SourceTitle "Telechess CBM 161"]
[Source "ChessBase"]
[SourceDate "2014.07.16"]
[SourceVersion "1"]
[SourceVersionDate "2014.07.16"]
[SourceQuality "1"]

1. d4 Nf6 2. c4 e6 3. g3 c5 4. d5 exd5 5. cxd5 b5 6. Nf3 d6 7. e4 b4 8. a3 Be7 9. axb4 cxb4 10. Nbd2 Nbd7 11. Nd4 0-0 12. Nc6 Qe8 13. f3 Nc5 14. Nb3 Nfd7 15. Nbd4 Ne5 16. Nxe5 dxe5 17. Nb5 Bd7 18. Nc7 Ba4 19. Nxe8 Bxd1 20. Kxd1 Nb3 21. Nxg7 Nxa1 22. Nf5 Bf6 23. Ba6 b3 24. Nh6+ Kh8 25. Bd2 Nc2 26. Bc3 Ne3+ 27. Ke2 Kg7 28. Kxe3 Kxh6 29. Bb7 Rab8 30. Bc6 Rfc8 31. Ra1 Rc7 32. Kd3 Kg6 33. Ra6 Rb6 34. Rxb6 axb6 35. Kc4 Ra7 36. d6 Ra1 37. Bd5 Rc1 38. Kxb3 Kg7 39. Kb4 Bd8 40. Bxe5+ Kf8 41. Bc3 h5 42. Kb5 Rc2 43. e5 Rxh2 44. Kc6 h4 45. Kd7 hxg3 46. Kxd8 g2 47. Bd4 1-0

[Event "WC-2011-F-00007"]
[Site "LSS email"]
[Date "2011.11.23"]
[Round "?"]
[White "Milde, Lars"]
[Black "Rodrigues, Antonio F"]
[Result "1/2-1/2"]
[WhiteElo "1886"]
[BlackElo "1900"]
[PlyCount "91"]
[EventDate "2011.12.01"]
[EventType "tourn (corr)"]
[EventRounds "10"]
[EventCountry "GER"]
[SourceTitle "Telechess CBM 165"]
[Source "ChessBase"]
[SourceDate "2015.03.11"]
[SourceVersion "1"]
[SourceVersionDate "2015.03.11"]
[SourceQuality "1"]

1. e4 c6 2. d4 d5 3. e5 Bf5 4. Nf3 e6 5. Be2 c5 6. Be3 Qb6 7. c4 Qxb2 8. Nbd2 Ne7 9. 0-0 Nbc6 10. cxd5 Nxd5 11. Nc4 Nxe3 12. fxe3 Qc2 13. Qxc2 Bxc2 14. Rac1 Bg6 15. Nd6+ Bxd6 16. exd6 cxd4 17. Ba6 bxa6 18. Rxc6 dxe3 19. Re1 f6 20. Rc7 0-0 21. Nd4 Rf7 22. Nxe6 Bf5 23. Rxe3 Rxc7 24. Nxc7 Rd8 25. Re8+ Rxe8 26. Nxe8 Bc8 27. Nc7 Kf7 28. Kf2 f5 29. Ke3 g5 30. Kd4 f4 31. Ke5 h6 32. h3 a5 33. a3 a6 34. Nd5 Bd7 35. Ne7 Ke8 36. Kf6 Bb5 37. Ng8 Bf1 38. Kg6 Kd7 39. Nf6+ Kxd6 40. Kxh6 Bxg2 41. Kxg5 Bxh3 42. Kxf4 Kc5 43. Ke3 Kc4 44. Kd2 Kb3 45. Kc1 Kxa3 46. Kb1 1/2-1/2

[Event "WC-2011-F-00007"]
[Site "LSS email"]
[Date "2011.11.23"]
[Round "?"]
[White "Rodrigues, Antonio F"]
[Black "Malmstroem, Jan"]
[Result "1-0"]
[WhiteElo "1900"]
[BlackElo "1798"]
[PlyCount "89"]
[EventDate "2011.12.01"]
[EventType "tourn (corr)"]
[EventRounds "10"]
[EventCountry "GER"]
[SourceTitle "Telechess CBM 165"]
[Source "ChessBase"]
[SourceDate "2015.03.11"]
[SourceVersion "1"]
[SourceVersionDate "2015.03.11"]
[SourceQuality "1"]

1. d4 d5 2. c4 e6 3. cxd5 exd5 4. Nc3 Nf6 5. Bg5 Be7 6. e3 0-0 7. Qb3 Nbd7 8. Nf3 c6 9. Bd3 h6 10. Bf4 Nh5 11. 0-0 Nxf4 12. exf4 Bd6 13. g3 Nf6 14. Na4 Qa5 15. Qc2 Bh3 16. Rfe1 Rae8 17. Ne5 Re7 18. Re2 Rfe8 19. a3 Qc7 20. Rc1 Nd7 21. Bh7+ Kf8 22. Re3 a5 23. Bf5 Bxf5 24. Qxf5 Nf6 25. Nc3 Kg8 26. Kg2 Qd8 27. Rce1 Qb8 28. Qd3 Qd8 29. R1e2 Nd7 30. Qf5 Nf8 31. Qh5 Bxe5 32. fxe5 b5 33. f4 Qb6 34. Rd3 b4 35. axb4 axb4 36. Nd1 Ne6 37. Red2 Ra7 38. Ne3 Ra2 39. h4 Rf8 40. f5 Nxd4 41. f6 g6 42. Qxh6 Ne6 43. h5 g5 44. Nf5 Ra7 45. Rd4 1-0

[Event "SA-2011-0-00206"]
[Site "LSS email"]
[Date "2011.08.01"]
[Round "?"]
[White "Rychkov, Sergej"]
[Black "Rodrigues, Antonio F"]
[Result "1-0"]
[WhiteElo "2099"]
[BlackElo "1859"]
[PlyCount "109"]
[EventDate "2011.07.12"]
[EventType "tourn (corr)"]
[EventRounds "6"]
[EventCountry "GER"]
[SourceTitle "Telechess CBM 153"]
[Source "ChessBase"]
[SourceDate "2013.03.14"]
[SourceVersion "1"]
[SourceVersionDate "2013.03.14"]
[SourceQuality "1"]

1. d4 Nf6 2. c4 e6 3. Nf3 b6 4. a3 Bb7 5. Nc3 g6 6. Qc2 Bg7 7. e4 d6 8. Be2 0-0 9. 0-0 Nbd7 10. h3 Qe7 11. Be3 e5 12. d5 Nh5 13. Rfe1 Rfc8 14. Bf1 a5 15. b4 c6 16. Qd2 c5 17. bxa5 Rxa5 18. a4 Rca8 19. Qc2 Ndf6 20. Reb1 R5a6 21. Ne1 Bc8 22. Nd3 Ne8 23. Rb3 f5 24. exf5 Bxf5 25. Re1 Qf7 26. Qd2 Nhf6 27. Bg5 Qf8 28. Nb2 Nc7 29. Bd3 Qf7 30. Rb1 Rb8 31. Nbd1 Nce8 32. Ne3 Bxd3 33. Qxd3 Nh5 34. Ng4 Qf8 35. Ne4 h6 36. Bd2 Nf4 37. Qf1 Rxa4 38. Rxb6 Rxb6 39. Rxb6 Ra8 40. g3 Qf5 41. f3 Nxh3+ 42. Qxh3 Qxf3 43. Ngf2 Nf6 44. Qe6+ Kh8 45. Bxh6 Ra1+ 46. Kh2 Ng4+ 47. Qxg4 Rh1+ 48. Nxh1 Qxg4 49. Bxg7+ Kxg7 50. Nhf2 Qe2 51. Rxd6 Qxc4 52. Rd7+ Kf8 53. Rf7+ Kg8 54. Rc7 Qd4 55. d6 1-0

[Event "LSS WC-2010-F-00010"]
[Site "LSS email"]
[Date "2010.11.17"]
[Round "?"]
[White "Pott, Brian"]
[Black "Rodrigues, Antonio F"]
[Result "0-1"]
[WhiteElo "1602"]
[BlackElo "1836"]
[PlyCount "70"]
[EventDate "2010.11.23"]
[EventType "tourn (corr)"]
[EventRounds "10"]
[EventCountry "GER"]
[SourceTitle "Telechess CBM 151"]
[Source "ChessBase"]
[SourceDate "2012.11.13"]
[SourceVersion "1"]
[SourceVersionDate "2012.11.13"]
[SourceQuality "1"]

1. e4 c6 2. d4 d5 3. e5 Bf5 4. Nf3 e6 5. Be2 c5 6. Be3 Qb6 7. Nc3 Qxb2 8. Nb5 c4 9. Rb1 Qxc2 10. Qxc2 Bxc2 11. Rb2 Ba4 12. Nc7+ Kd7 13. Nxa8 Kc8 14. Bd1 Ba3 15. Rb1 Be8 16. 0-0 Nc6 17. Bd2 Kb8 18. Nb6 axb6 19. Bc2 Kc7 20. Rfe1 Bd7 21. Re3 Be7 22. Bc3 g5 23. h3 h5 24. a4 Nh6 25. Re2 g4 26. hxg4 hxg4 27. Nh2 f6 28. f4 fxe5 29. fxe5 Na7 30. Bd2 b5 31. Bxh6 Rxh6 32. Nxg4 Rh4 33. Nf6 b4 34. Rd2 Nc6 35. g4 c3 0-1

[Event "LSS SC-2010-0-00062"]
[Site "LSS email"]
[Date "2010.06.16"]
[Round "?"]
[White "Korinek, Jaroslav"]
[Black "Rodrigues, Antonio F"]
[Result "0-1"]
[WhiteElo "1628"]
[BlackElo "1800"]
[PlyCount "108"]
[EventDate "2010.05.02"]
[EventType "tourn (corr)"]
[EventRounds "6"]
[EventCountry "GER"]
[SourceTitle "Telechess CBM 145"]
[Source "Chessbase"]
[SourceDate "2011.11.11"]
[SourceVersion "1"]
[SourceVersionDate "2011.11.11"]
[SourceQuality "1"]

1. e4 c6 2. d4 d5 3. e5 Bf5 4. Bd3 Bxd3 5. Qxd3 e6 6. Nf3 Qb6 7. 0-0 Ne7 8. Nc3 Qa6 9. Rd1 Ng6 10. g3 Qxd3 11. Rxd3 Nd7 12. h4 h5 13. Bd2 f6 14. Re1 fxe5 15. dxe5 Bc5 16. Na4 Be7 17. Kg2 b5 18. Nc3 0-0 19. Rde3 b4 20. Nb1 Rfb8 21. Nd4 Bc5 22. Nxe6 Bxe3 23. Bxe3 Rc8 24. f4 c5 25. Nd2 Ne7 26. Bf2 Rc6 27. Ng5 Rac8 28. Nb3 d4 29. Ne4 Ra6 30. Nd6 Rf8 31. Kf3 Nc6 32. Kg2 Rxa2 33. e6 Nf6 34. Nc4 Rc8 35. Nxc5 Rc7 36. Nd3 a6 37. Re2 Ng4 38. b3 a5 39. Nc1 Ra1 40. Nd3 a4 41. bxa4 Ra2 42. Ncb2 Rb7 43. Bg1 b3 44. Kf3 g6 45. e7 Nxe7 46. Bxd4 Nf5 47. c3 Kf7 48. Bc5 Rd7 49. Nc1 Rc7 50. Ncd3 Ra1 51. Kg2 Rc8 52. Re4 Ra2 53. Re2 Rd8 54. Kf3 Nh2+ 0-1

[Event "LSS SB-2010-0-00096"]
[Site "LSS email"]
[Date "2010.06.15"]
[Round "?"]
[White "Rodrigues, Antonio F"]
[Black "Herzog, Klaus"]
[Result "1/2-1/2"]
[WhiteElo "1814"]
[BlackElo "1814"]
[PlyCount "65"]
[EventDate "2010.05.08"]
[EventType "tourn (corr)"]
[EventRounds "6"]
[EventCountry "GER"]
[SourceTitle "Telechess CBM 141"]
[Source "ChessBase"]
[SourceDate "2011.03.17"]
[SourceVersion "1"]
[SourceVersionDate "2011.03.17"]
[SourceQuality "1"]

1. d4 d5 2. c4 dxc4 3. e4 e5 4. Nf3 exd4 5. Bxc4 Bb4+ 6. Bd2 Bxd2+ 7. Nbxd2 Nc6 8. 0-0 Nf6 9. e5 Ng4 10. h3 Nh6 11. Nb3 0-0 12. Nbxd4 Nxd4 13. Nxd4 Nf5 14. Nf3 Qe7 15. Qb3 c5 16. Rfd1 Be6 17. Rd3 Rad8 18. Rad1 Rxd3 19. Rxd3 h5 20. Bxe6 fxe6 21. Qa4 a6 22. Qc4 b5 23. Qe4 c4 24. Rd2 Rc8 25. a3 Kh8 26. g4 hxg4 27. hxg4 Nh4 28. Nd4 Qg5 29. Rd1 Kg8 30. Nxe6 Qxe5 31. Qxe5 Nf3+ 32. Kg2 Nxe5 33. Rd6 1/2-1/2

[Event "LSS SB-2010-0-00096"]
[Site "LSS email"]
[Date "2010.06.15"]
[Round "?"]
[White "Rodrigues, Antonio F"]
[Black "Migliorini, Roberto"]
[Result "1-0"]
[WhiteElo "1830"]
[BlackElo "1786"]
[PlyCount "101"]
[EventDate "2010.05.08"]
[EventType "tourn (corr)"]
[EventRounds "6"]
[EventCountry "GER"]
[SourceTitle "Telechess CBM 145"]
[Source "Chessbase"]
[SourceDate "2011.11.11"]
[SourceVersion "1"]
[SourceVersionDate "2011.11.11"]
[SourceQuality "1"]

1. d4 d5 2. c4 e6 3. Nc3 c5 4. cxd5 exd5 5. Nf3 Nc6 6. g3 Nf6 7. Bg2 Be7 8. dxc5 Bxc5 9. 0-0 0-0 10. Bg5 d4 11. Bxf6 Qxf6 12. Ne4 Qe7 13. Nxc5 Qxc5 14. Qd2 Bg4 15. Rac1 Qb6 16. Ng5 Rad8 17. Qf4 Bh5 18. Qh4 Bg6 19. Be4 Ne5 20. Nxh7 Rfe8 21. Ng5 d3 22. exd3 f5 23. Bf3 Rd4 24. Qh3 Nxf3+ 25. Nxf3 Rxd3 26. Rc3 Rxc3 27. bxc3 Qe6 28. a3 Qb3 29. Nh4 Bh7 30. Nxf5 Qxa3 31. Qh5 Rf8 32. Nd4 Qxc3 33. Qd5+ Kh8 34. Ne6 Rc8 35. Rd1 Bc2 36. Rc1 Qb2 37. Re1 Qb4 38. Re5 Qb3 39. Qd7 Qb1+ 40. Kg2 Be4+ 41. Kh3 Bf5+ 42. Kh4 Rg8 43. Qd5 Bg6 44. Nf4 Bh7 45. Rh5 g5+ 46. Rxg5 Qb2 47. Rh5 Qf6+ 48. Kh3 b6 49. Ne6 Rg6 50. Qa8+ Rg8 51. Qc6 1-0